Architekt Ľubomír Závodný

Guardado en:
Detalles Bibliográficos
Autor principal: Moravčíková, Henrieta (Autor)
Otros Autores: Bližnák, Karol (Traductor)
Formato: Libro
Lenguaje:eslovaco
Publicado: Bratislava : Meritum, 1998
Materias:
Etiquetas: Agregar Etiqueta
Sin Etiquetas, Sea el primero en etiquetar este registro!

MARC

LEADER 00000nam a22000003a 4500
001 stu49973
005 20260123130311.5
008 990622s1998------------------------slo-d
020 |a 80-88791-24-3 
040 |a STU  |b slo 
041 0 |a slo 
100 1 |a Moravčíková, Henrieta  |4 aut  |X 36576  |7 36576 
245 1 |a Architekt Ľubomír Závodný 
260 |a Bratislava :  |b Meritum,  |c 1998 
300 |a 51 s 
650 7 |a Závodný_Ľ.  |2 stusub 
650 7 |a architekti slovenskí  |2 stusub 
700 1 |a Bližnák, Karol  |4 trl 
996 |b 284AU02593  |c A*3310 U  |l AAKNAR  |s A  |a 24  |w stu49973_0001